书目信息 |
| 题名: |
化学文献及查阅方法
|
|
| 作者: | 余向春 编著 | |
| 分册: | ||
| 出版信息: | 北京 科学出版社 2003.7重印 |
|
| 页数: | 13,384页 | |
| 开本: | 24cm | |
| 丛书名: | ||
| 单 册: | ||
| 中图分类: | G252.7-43 | |
| 科图分类: | ||
| 主题词: | 化学--情报检索--高等学校--教材 , 化学 , 情报检索 | |
| 电子资源: | ||
| ISBN: | 7-03-011041-2 | |
| 000 | 01071cam0 2200301 450 | |
| 001 | 012006070040 | |
| 005 | 20060329101010.1 | |
| 010 | @a7-03-011041-2@dCNY29.00 | |
| 100 | @a20050716e2003 em y0chiy0121 ea | |
| 101 | 0 | @achi |
| 102 | @aCN@b110000 | |
| 105 | @aa z 000yy | |
| 200 | 1 | @a化学文献及查阅方法@Ahua xue wen xian ji cha yue fang fa@f余向春编著 |
| 205 | @a3版 | |
| 210 | @a北京@c科学出版社@d2003.7重印 | |
| 215 | @a13,384页@c图表@d24cm | |
| 300 | @a21世纪高等院校教材 | |
| 320 | @a含参考文献 | |
| 330 | @a本书是一本化学文献手工检索和计算机检索双用的指南和教材。它系统和全面地介绍了各类化学文献检索工具书及其手检和机检的方法、计算机检索的各种渠道、网上检索和阅读技巧以及相关网站。 | |
| 333 | @a读者对象:化学、化工、材化、生化、医药、能源、轻工、冶金、地质、农业等专业师生.科技工作者 | |
| 606 | 0 | @a化学@x情报检索@x高等学校@j教材 |
| 606 | 0 | @a化学 |
| 606 | 0 | @a情报检索 |
| 690 | @aG252.7-43@v4 | |
| 701 | 0 | @a余向春@Ayu xiang chun@4编著 |
| 801 | 1 | @aCN@bSRXX@c20031218 |
| 801 | 2 | @aCN@bSRXX@c20060329 |
| 905 | @a10447@dG252.7-43@eY770 | |
| 化学文献及查阅方法/余向春编著.-3版.-北京:科学出版社,2003.7重印 |
| 13,384页:图表;24cm |
| 21世纪高等院校教材.-使用对象:读者对象:化学、化工、材化、生化、医药、能源、轻工、冶金、地质、农业等专业师生.科技工作者 |
| ISBN 7-03-011041-2:CNY29.00 |
| 本书是一本化学文献手工检索和计算机检索双用的指南和教材。它系统和全面地介绍了各类化学文献检索工具书及其手检和机检的方法、计算机检索的各种渠道、网上检索和阅读技巧以及相关网站。 |
| ● |
| 相关链接 |
|
|
|
正题名:化学文献及查阅方法
索取号:G252.7-43/Y770
 
预约/预借
| 序号 | 登录号 | 条形码 | 馆藏地/架位号 | 状态 | 备注 |
| 1 | 548851 | 205488514 | 社科库409/409社科库 59排5列1层/ [索取号:G252.7-43/Y770] | 在馆 | |
| 2 | 548852 | 205488523 | 社科库409/409社科库 59排5列1层/ [索取号:G252.7-43/Y770] | 在馆 |